| 000 | 00502nam a2200205Ia 4500 | ||
|---|---|---|---|
| 005 | 20250425162055.0 | ||
| 008 | 250425s9999 xx 000 0 und d | ||
| 041 | _aeng | ||
| 082 | _a623.81 | ||
| 100 | _aGILLMER, THOMAS C. | ||
| 245 | 0 | _aINTRODUCTION TO NAVAL ARCHITECTURE | |
| 250 | _aS.E. | ||
| 260 | _aANNAPOLIS | ||
| 260 |
_aEstados Unidos _bNAVAL INSTITUTE PRESS _c1950 |
||
| 300 | _a324 | ||
| 650 | _aARQUITECTURA NAVAL | ||
| 700 | _aJOHNSON, BRUCE | ||
| 942 | _c01 | ||
| 010 | _a47597 | ||
| 999 |
_c221814 _d221814 |
||